| 000 | 01894nam a22003377a 4500 | ||
|---|---|---|---|
| 003 | OSt | ||
| 005 | 20260413163807.0 | ||
| 008 | 260413t2020 xxu||||| |||| 00| 0 spa d | ||
| 020 | _a9789585142107 | ||
| 020 | _a9789585142695 | ||
| 040 |
_aUnicoc _bspa _c00001 _d00001 |
||
| 082 | _a003.3 | ||
| 100 |
_912918 _aCadenas Anaya, Carmelina |
||
| 245 |
_aDinámica de sistemas _b: Una metodología para la construcción de modelos de toma de decisiones en sectores agroindustriales _c/ Carmelina Cadenas Anaya, Wilfredo Guaita |
||
| 250 | _a1 Ed. | ||
| 260 |
_aBogotá : _bPolitécnico Grancolombiano , _c2020 |
||
| 300 |
_a240 páginas _bDiagramas, Tablas, gráficas |
||
| 500 | _aIncluye Referencias bibliográficas | ||
| 505 |
_tCapítulo 1. Sistemas, modelos y simulación. -- _tCapítulo 2. Identificación de un comportamiento interesante desde la perspectiva sistémica. -- _tCapítulo 3. Articulación del problema (Boundary Selection). -- _tCapítulo IV. Estructuración del esquema inicial del modelo. -- _tCapítulo V. Formulación del modelo de simulación. -- _tCapítulo VI. Prueba de validación del modelo. -- _tCapítulo VII. Softwares de simulación. -- _tCapítulo VIII. Casos prácticos. |
||
| 526 | _5Unicoc | ||
| 546 | _aEspañol | ||
| 650 | 0 |
_912920 _aIndustria agrícola _xToma de decisiones |
|
| 650 | 0 |
_912917 _aSistemas dinámicos _xAplicaciones empresariales |
|
| 650 | 0 |
_96432 _aAdministración de proyectos agroindustriales. |
|
| 650 | 0 |
_912921 _aAgroindustria _xDiseño de sistemas |
|
| 658 | 0 |
_98260 _aPrograma de Ingeniería Industrial |
|
| 658 | 0 |
_98382 _aPrograma de Administración de Empresas |
|
| 700 |
_912919 _aGuaita, Wilfredo |
||
| 856 |
_yAcceso online exclusivo para comunidad Unicoc. _uhttps://unicoceduco-my.sharepoint.com/:b:/g/personal/direccionbiblioteca_unicoc_edu_co/IQAVY6zwUDGfSrKfPAwUGTWcAY_kjiBX95sIYTFTroh0kiU |
||
| 942 |
_2ddc _cEBOOK |
||
| 999 |
_c10837 _d10837 |
||